000 00447nam a2200157Ia 4500
008 210210b1998 xxu||||| |||| 00| 0 eng d
020 _a81 7381 309 4
082 _a657.458 DUTP
100 _aDUTTACHOWDHURY (Dhruba).
245 _aPrinciples of audit and internal auditing.
260 _aCalcutta
_bNew Central Book Agency Private Limited
_c1998
300 _axiv,865
650 _aInternal Auditing
690 _aAuditing
906 _a060775
999 _c107680
_d107680